|
|
|
|
| LEADER |
00613nam a22001932a 4500 |
| 001 |
000228090 |
| 003 |
CZ BrMZK |
| 005 |
20200224085703.0 |
| 007 |
ta |
| 008 |
950101s1965 xo f slo d |
| 040 |
|
|
|a BOA001
|b cze
|
| 100 |
1 |
|
|a Mácha, Zbyněk,
|d 1928-2007
|7 jk01072922
|4 aut
|
| 245 |
1 |
0 |
|a O big-beate :
|b pomôcka pre základné školenia a semináre /
|c Zbyněk Mácha
|
| 260 |
|
|
|a Bratislava :
|b Osvetový ústav,
|c 1965
|
| 300 |
|
|
|a 30 s.
|
| 910 |
|
|
|a BOA001
|b X2-0567.641
|
| 990 |
|
|
|a BK
|
| 991 |
|
|
|b 202001
|
| 996 |
7 |
|
|b 2619915475
|c X2-0567.641
|l MZK
|r Sklad / do 24 hodin
|n 2
|w 000228090
|u 000010
|a 1
|e BOA001
|j MZK50
|s A
|